000 00594nam a22002057a 4500
005 20251120065956.0
008 251120b |||||||| |||| 00| 0 eng d
020 _a9788192178127
040 _aIN-DiNC
_cIN-DiNC
041 _dasm
082 _a954.162
_bDIB
245 _aDibrugarh:
_ced. by Biren Boruah and Ashifa Sobhan
250 _a1st ed.
260 _aGuwahati:
_bAssam College Teachers Association,
_c2015.
300 _a320p.
650 _aArticles on all aspects of Dibrugarh District
700 _aBoruah, Biren
_eEditor
700 _aSobhan, Ashifa
_eEditor
942 _2ddc
_cBK
999 _c12295
_d12295